[Event "Unna Open 2022"]
[Site "Unna"]
[Date "2022.12.27"]
[Round "2.35"]
[White "Jorke, Roland"]
[Black "Muhr, Mattis"]
[Result "0-1"]
[WhiteElo "1386"]
[BlackElo "1551"]
[Annotator "Medger,Gernot"]
[PlyCount "40"]
[EventDate "2022.12.??"]
[EventType "tourn"]
[EventRounds "7"]
[EventCountry "GER"]

1. Nf3 d5 2. d4 Nf6 3. c4 e6 4. g3 c5 5. Bg2 cxd4 6. Nxd4 Bc5 7. e3 dxc4 8.
Qa4+ Bd7 9. Qxc4 Qc7 10. O-O O-O 11. Bxb7 Qxb7 12. Qxc5 e5 13. Nb3 Bh3 14. f3
Bxf1 15. Kxf1 Qxf3+ 16. Kg1 Qd1+ 17. Kg2 Qe2+ 18. Kh3 Nbd7 19. Qc6 g5 20. Qg2
g4+ 0-1

[Event "Unna Open 2022"]
[Site "Unna"]
[Date "2022.12.27"]
[Round "2.36"]
[White "Schirmbeck, Lilian"]
[Black "Ait Khouya, Muhammad"]
[Result "1/2-1/2"]
[WhiteElo "1541"]
[BlackElo "1277"]
[Annotator "Medger,Gernot"]
[PlyCount "43"]
[EventDate "2022.12.??"]
[EventType "tourn"]
[EventRounds "7"]
[EventCountry "GER"]

1. d4 d5 2. c4 e6 3. Nc3 Nf6 4. Bg5 c5 5. e3 Nc6 6. Nf3 Be7 7. Be2 h6 8. Bh4
Bd7 9. O-O O-O 10. Bxf6 Bxf6 11. cxd5 exd5 12. Nxd5 cxd4 13. Nxf6+ Qxf6 14.
Nxd4 Rfd8 15. Qb3 Nxd4 16. exd4 Bc6 17. Rad1 Rxd4 18. Rxd4 Qxd4 19. Rd1 Qf4 20.
Bb5 Qc7 21. Qc2 Rc8 22. Rc1 1/2-1/2

[Event "Unna Open 2022"]
[Site "Unna"]
[Date "2022.12.27"]
[Round "2.37"]
[White "Weiner, Marc"]
[Black "Jacob, Phil"]
[Result "1/2-1/2"]
[WhiteElo "1531"]
[BlackElo "1279"]
[Annotator "Medger,Gernot"]
[PlyCount "54"]
[EventDate "2022.12.??"]
[EventType "tourn"]
[EventRounds "7"]
[EventCountry "GER"]

1. e4 c5 2. c3 g6 3. Nf3 Bg7 4. d4 cxd4 5. cxd4 d6 6. Nc3 Nf6 7. Bb5+ Bd7 8.
Bxd7+ Nbxd7 9. O-O O-O 10. Re1 Nb6 11. Qd3 a6 12. Bd2 Rc8 13. b3 e5 14. d5 Qd7
15. h3 Nh5 16. Rac1 f5 17. exf5 Qxf5 18. Qxf5 Rxf5 19. Ne4 Rxc1 20. Rxc1 Rf7
21. Nxd6 Rd7 22. Nc4 Nxd5 23. Ncxe5 Re7 24. Rc8+ Bf8 25. Rd8 Nhf6 26. Bg5 Kg7
27. Kf1 Rc7 1/2-1/2

[Event "Unna Open 2022"]
[Site "Unna"]
[Date "2022.12.27"]
[Round "2.38"]
[White "Krolik, Wilfried"]
[Black "Senel, Serdar"]
[Result "1/2-1/2"]
[WhiteElo "1513"]
[BlackElo "1228"]
[Annotator "Medger,Gernot"]
[PlyCount "119"]
[EventDate "2022.12.??"]
[EventType "tourn"]
[EventRounds "7"]
[EventCountry "GER"]

1. e4 e5 2. Nf3 Nc6 3. Bb5 a6 4. Ba4 Bc5 5. c3 d6 6. h3 b5 7. Bc2 Nf6 8. O-O
Be6 9. d4 Bc4 10. dxc5 Bxf1 11. Kxf1 dxc5 12. Qxd8+ Rxd8 13. Be3 c4 14. Nbd2
O-O 15. a4 Ra8 16. b3 cxb3 17. Nxb3 Rfd8 18. Nc5 h6 19. Ke2 Na7 20. Nxe5 bxa4
21. Nxa4 Nb5 22. f3 Re8 23. Bf4 g5 24. Bh2 Re6 25. Bb3 Re7 26. Nxf7 Rxf7 27.
Bxf7+ Kxf7 28. Rd1 c6 29. c4 Na3 30. Nb6 Ra7 31. Rd3 Nc2 32. Bd6 a5 33. Rd2 Nb4
34. Bc5 Rb7 35. e5 Nh5 36. Rd7+ Rxd7 37. Nxd7 Ke6 38. Nb8 Kxe5 39. Bxb4 Nf4+
40. Kf1 axb4 41. Nxc6+ Kd6 42. Nxb4 Kc5 43. Nc2 Kxc4 44. Ne3+ Kd3 45. Nf5 h5
46. Kf2 Kc4 47. h4 gxh4 48. Nxh4 Kd5 49. Ke3 Ke5 50. g3 Nd5+ 51. Kd3 Nb4+ 52.
Ke2 Nc2 53. Ng6+ Kf5 54. Nh4+ Kg5 55. Kd3 Na3 56. Ke4 Nb5 57. f4+ Kg4 58. Nf3
Kxg3 59. Ke3 Nc3 60. f5 1/2-1/2

[Event "Unna Open 2022"]
[Site "Unna"]
[Date "2022.12.27"]
[Round "2.39"]
[White "Muhr, Martin"]
[Black "Mrowetz, Josef"]
[Result "1-0"]
[WhiteElo "1127"]
[BlackElo "1470"]
[Annotator "Medger,Gernot"]
[PlyCount "39"]
[EventDate "2022.12.??"]
[EventType "tourn"]
[EventRounds "7"]
[EventCountry "GER"]

1. d4 Nf6 2. Bf4 c5 3. e3 d5 4. c3 Nc6 5. Nf3 e6 6. Nbd2 Be7 7. h4 O-O 8. Bd3
c4 9. Bc2 h6 10. Qe2 Bd6 11. Ne5 Ne7 12. h5 Qb6 13. Rb1 Nf5 14. g4 Ne7 15. g5
hxg5 16. Bxg5 Nh7 17. Bxh7+ Kxh7 18. Ng6 fxg6 19. hxg6+ Kxg6 20. Qh5+ 1-0

[Event "Unna Open 2022"]
[Site "Unna"]
[Date "2022.12.27"]
[Round "2.40"]
[White "Sviridov, Vitaliy"]
[Black "Kommessin, Sabine"]
[Result "1/2-1/2"]
[WhiteElo "1491"]
[BlackElo "1111"]
[Annotator "Medger,Gernot"]
[PlyCount "53"]
[EventDate "2022.12.??"]
[EventType "tourn"]
[EventRounds "7"]
[EventCountry "GER"]

1. d4 d5 2. Bf4 Bf5 3. e3 Nf6 4. Nf3 h6 5. Be2 e6 6. O-O Be7 7. h3 Nc6 8. Nbd2
Nh5 9. Bh2 Nb4 10. Ne5 f6 11. Bxh5+ Kf8 12. Ng6+ Bxg6 13. Bxg6 f5 14. c3 Nc6
15. Nf3 h5 16. Ne5 Nxe5 17. Bxe5 Bf6 18. Bxf6 Qxf6 19. Bxh5 Qg5 20. g4 Rxh5 21.
f4 Qh4 22. gxh5 Qg3+ 23. Kh1 Qxh3+ 24. Kg1 Qg3+ 25. Kh1 Qh3+ 26. Kg1 Qg3+ 27.
Kh1 1/2-1/2

[Event "Unna Open 2022"]
[Site "Unna"]
[Date "2022.12.27"]
[Round "2.41"]
[White "Dunker, Fabian"]
[Black "Pollerberg, Amelie"]
[Result "0-1"]
[WhiteElo "1001"]
[BlackElo "1415"]
[Annotator "Medger,Gernot"]
[PlyCount "84"]
[EventDate "2022.12.??"]
[EventType "tourn"]
[EventRounds "7"]
[EventCountry "GER"]

1. e4 c5 2. Nf3 Nc6 3. c3 e5 4. Bc4 Nf6 5. Ng5 d5 6. exd5 Nxd5 7. Bxd5 Qxd5 8.
Qf3 Qxf3 9. Nxf3 Be7 10. O-O e4 11. Ne1 Be6 12. Na3 O-O 13. d3 f5 14. Nb5 Rac8
15. Bf4 exd3 16. Nxd3 Bc4 17. Nxa7 Nxa7 18. Rfe1 Nc6 19. Ne5 Nxe5 20. Bxe5 Bf6
21. b3 Bxe5 22. Rxe5 Ba6 23. c4 b5 24. cxb5 Bxb5 25. Rc1 Rfd8 26. Rxf5 Ba6 27.
h3 c4 28. Ra5 c3 29. Rxa6 c2 30. Re6 Rd1+ 31. Re1 Rxe1+ 32. Rxe1 c1=Q 33. Rxc1
Rxc1+ 34. Kh2 Rc2 35. a4 Rb2 36. f4 Rxb3 37. h4 Rb4 38. Kg3 Rxa4 39. Kg4 Kf7
40. Kf5 g6+ 41. Kg5 Ra5+ 42. Kh6 Rh5# 0-1

[Event "Unna Open 2022"]
[Site "Unna"]
[Date "2022.12.27"]
[Round "2.42"]
[White "Siebert, Michael"]
[Black "Koch, Alexander Leon"]
[Result "1-0"]
[WhiteElo "1473"]
[BlackElo "987"]
[Annotator "Medger,Gernot"]
[PlyCount "55"]
[EventDate "2022.12.??"]
[EventType "tourn"]
[EventRounds "7"]
[EventCountry "GER"]

1. c4 e5 2. g3 Nf6 3. Bg2 Nc6 4. Nc3 Bc5 5. e3 d6 6. a3 Be6 7. d3 O-O 8. b4 Bb6
9. Nge2 a5 10. b5 Ne7 11. O-O c6 12. a4 d5 13. cxd5 Nfxd5 14. Ba3 cxb5 15. Nxb5
Bd7 16. Bxd5 Bxb5 17. axb5 Qxd5 18. Bxe7 Rfe8 19. Ba3 Qxb5 20. Rb1 Qc6 21. Qc1
Qxc1 22. Rfxc1 Ra6 23. d4 exd4 24. Nxd4 Bxd4 25. exd4 b6 26. Rc6 Rb8 27. Bd6
Rb7 28. Rc8# 1-0

[Event "Unna Open 2022"]
[Site "Unna"]
[Date "2022.12.27"]
[Round "2.43"]
[White "Krüger, Elias Jordan"]
[Black "Burosch, Raimund"]
[Result "0-1"]
[WhiteElo "862"]
[BlackElo "1477"]
[Annotator "Medger,Gernot"]
[PlyCount "108"]
[EventDate "2022.12.??"]
[EventType "tourn"]
[EventRounds "7"]
[EventCountry "GER"]

1. e4 c5 2. Nf3 d6 3. Bc4 Nf6 4. Nc3 Nc6 5. d3 Bg4 6. h3 Bxf3 7. Qxf3 Ne5 8.
Bb5+ Nfd7 9. Qe2 a6 10. Ba4 b5 11. Bb3 g6 12. Bd5 Rb8 13. f4 e6 14. fxe5 exd5
15. exd6 d4 16. Nd5 Bxd6 17. e5 Qh4+ 18. Kd1 Nxe5 19. Rf1 f5 20. Rf4 Qd8 21. g4
O-O 22. gxf5 Nxd3 23. cxd3 Bxf4 24. Nxf4 Rxf5 25. Qe6+ Kg7 26. Qxa6 Qe8 27.
Qa7+ Rf7 28. Qxc5 Rd8 29. Qb6 Re7 30. Bd2 g5 31. Ng2 Qh5+ 32. Kc2 Rc8+ 33. Kb3
Qf7+ 34. Kb4 Rc4+ 35. Kxb5 Re5+ 36. Ka6 Ra4+ 37. Ba5 Re6 38. b3 Rxb6+ 39. Kxb6
Qe6+ 40. Kb5 Qd7+ 41. Kb6 Qd8+ 42. Kb7 Qxa5 43. bxa4 Qd5+ 44. Kb6 Qxg2 45. Re1
Qxa2 46. a5 Qb3+ 47. Ka7 Qc3 48. Re7+ Kf6 49. Rxh7 Qxa5+ 50. Kb7 Qb5+ 51. Kc7
Qxd3 52. Rh8 Qg3+ 53. Kc6 d3 54. Rd8 Qxh3 0-1

[Event "Unna Open 2022"]
[Site "Unna"]
[Date "2022.12.27"]
[Round "2.44"]
[White "Ait Khouya, Moussa"]
[Black "Menne, Klaus"]
[Result "0-1"]
[WhiteElo "830"]
[BlackElo "1389"]
[Annotator "Medger,Gernot"]
[PlyCount "68"]
[EventDate "2022.12.??"]
[EventType "tourn"]
[EventRounds "7"]
[EventCountry "GER"]

1. e4 c5 2. Bc4 Nc6 3. Nf3 e5 4. Nc3 d6 5. h3 h6 6. O-O Nf6 7. d3 a6 8. a3 Be7
9. Be3 g5 10. Nd5 Nxd5 11. Bxd5 Nd4 12. c3 Ne6 13. Qa4+ Qd7 14. Qxd7+ Kxd7 15.
d4 f6 16. b4 cxb4 17. cxb4 Nc7 18. Bb3 b5 19. h4 Bb7 20. d5 Raf8 21. Rac1 f5
22. exf5 Rxf5 23. Bb6 Bd8 24. Bc2 Rf7 25. hxg5 hxg5 26. Bxc7 Bxc7 27. Nxg5 Rf6
28. Bd1 Bxd5 29. a4 Bc4 30. Re1 Rfh6 31. Nh3 Rg8 32. axb5 Bxb5 33. Ra1 Rxh3 34.
Bf3 Rxf3 0-1

[Event "Unna Open 2022"]
[Site "Unna"]
[Date "2022.12.27"]
[Round "2.45"]
[White "Rewig, Adrian"]
[Black "Leufert, Jan-Frederik"]
[Result "1-0"]
[WhiteElo "1548"]
[BlackElo "774"]
[Annotator "Medger,Gernot"]
[PlyCount "59"]
[EventDate "2022.12.??"]
[EventType "tourn"]
[EventRounds "7"]
[EventCountry "GER"]

1. e4 d5 2. exd5 Qxd5 3. Nc3 Qd8 4. d4 Nf6 5. Nf3 Bg4 6. h3 Bxf3 7. Qxf3 e6 8.
Qxb7 Nbd7 9. Bd3 Bd6 10. O-O O-O 11. Ne4 Nxe4 12. Qxe4 g6 13. Bh6 Re8 14. Qe2
Rb8 15. b3 Qh4 16. Be3 e5 17. d5 Qe7 18. Bxa7 Rb7 19. Be3 e4 20. Bb5 Nf6 21.
Bxe8 Qe5 22. Bxf7+ Kxf7 23. f4 Qxd5 24. Qc4 Qxc4 25. bxc4 c5 26. Rfb1 Re7 27.
a4 Nh5 28. a5 Nxf4 29. Rf1 g5 30. g3 1-0

[Event "Unna Open 2022"]
[Site "Unna"]
[Date "2022.12.28"]
[Round "3.1"]
[White "Tkachuk, Sergij"]
[Black "Merz, Martin"]
[Result "1-0"]
[WhiteElo "2206"]
[BlackElo "1967"]
[Annotator "Medger,Gernot"]
[PlyCount "83"]
[EventDate "2022.12.??"]
[EventType "tourn"]
[EventRounds "7"]
[EventCountry "GER"]

1. e4 c5 2. Nf3 d6 3. d4 cxd4 4. Nxd4 Nf6 5. Nc3 a6 6. Bc4 e6 7. Bb3 b5 8. f3
Qc7 9. Be3 Bd7 10. Qd2 Nc6 11. g4 Ne5 12. g5 Nh5 13. Nce2 Nc4 14. Bxc4 Qxc4 15.
c3 b4 16. cxb4 d5 17. a3 dxe4 18. fxe4 Qc7 19. Nc3 Be7 20. Rc1 Qb7 21. Nb3 O-O
22. Na5 Qc8 23. Nd5 exd5 24. Rxc8 Raxc8 25. exd5 Bd6 26. O-O f6 27. Nc6 fxg5
28. Bc5 Rxf1+ 29. Kxf1 Rf8+ 30. Ke2 Bg4+ 31. Kd3 Rf3+ 32. Kc4 Nf6 33. Bxd6 Ne4
34. Qd4 Nxd6+ 35. Kc5 Rf4 36. Qe5 Rf6 37. Qxd6 Rxd6 38. Kxd6 Bf3 39. Kc7 Bxd5
40. Ne7+ Kf7 41. Nxd5 Ke6 42. Ne3 1-0

[Event "Unna Open 2022"]
[Site "Unna"]
[Date "2022.12.28"]
[Round "3.2"]
[White "Mann, Gergely"]
[Black "Tkachuk, Konstantyn"]
[Result "1/2-1/2"]
[WhiteElo "1978"]
[BlackElo "2202"]
[Annotator "Medger,Gernot"]
[PlyCount "32"]
[EventDate "2022.12.??"]
[EventType "tourn"]
[EventRounds "7"]
[EventCountry "GER"]

1. e4 d6 2. d4 Nf6 3. Nc3 c6 4. f4 g6 5. Nf3 Bg7 6. Bd3 Bg4 7. h3 Bxf3 8. Qxf3
Qb6 9. Ne2 d5 10. e5 Nfd7 11. O-O e6 12. c4 f5 13. Be3 a5 14. Rfc1 Na6 15. a3
O-O 16. h4 h5 1/2-1/2

[Event "Unna Open 2022"]
[Site "Unna"]
[Date "2022.12.28"]
[Round "3.3"]
[White "Huckebrink, Chris"]
[Black "Raabe, Stefan"]
[Result "1-0"]
[WhiteElo "2145"]
[BlackElo "1931"]
[Annotator "Medger,Gernot"]
[PlyCount "49"]
[EventDate "2022.12.??"]
[EventType "tourn"]
[EventRounds "7"]
[EventCountry "GER"]

1. d4 e6 2. e4 c5 3. d5 exd5 4. exd5 d6 5. c4 Nf6 6. Nc3 Be7 7. h3 Bf5 8. Nge2
Nbd7 9. Ng3 Bg6 10. f4 h6 11. Bd3 Bxd3 12. Qxd3 Qb6 13. Nf5 g6 14. Nxe7 Kxe7
15. O-O Rae8 16. a4 a6 17. Bd2 Kf8 18. a5 Qd8 19. g4 Rh7 20. Kg2 Kg8 21. Rae1
g5 22. fxg5 Ne5 23. Rxe5 Rxe5 24. gxf6 Qc8 25. Bf4 1-0

[Event "Unna Open 2022"]
[Site "Unna"]
[Date "2022.12.28"]
[Round "3.4"]
[White "Torres-Kuckel, Rafael"]
[Black "Pinno, Gregor"]
[Result "1-0"]
[WhiteElo "2120"]
[BlackElo "1911"]
[Annotator "Medger,Gernot"]
[PlyCount "78"]
[EventDate "2022.12.??"]
[EventType "tourn"]
[EventRounds "7"]
[EventCountry "GER"]

1. e4 c5 2. d4 cxd4 3. c3 Nf6 4. e5 Nd5 5. cxd4 d6 6. Nf3 Nc6 7. Bc4 dxe5 8.
Nxe5 e6 9. Nxc6 bxc6 10. O-O Bd6 11. Nd2 O-O 12. Re1 a5 13. Ne4 Be7 14. Bb3 Qb6
15. a3 Rd8 16. Bg5 Bxg5 17. Nxg5 Nf6 18. Nf3 Ba6 19. Qc2 Rab8 20. Re3 Nd5 21.
Bxd5 cxd5 22. b3 Rdc8 23. Qd2 Qc7 24. h3 Rb5 25. Ne1 h6 26. Rb1 Rb7 27. Rg3 Kh8
28. Rf3 Kg8 29. g4 a4 30. b4 Qc4 31. Rd3 Rbc7 32. Kg2 Qb5 33. h4 Qb6 34. Rg3
Rc4 35. Rd1 Qc7 36. g5 hxg5 37. Qxg5 g6 38. h5 Qd8 39. Qf4 Rc3 1-0

[Event "Unna Open 2022"]
[Site "Unna"]
[Date "2022.12.28"]
[Round "3.5"]
[White "Neumann, Theodor"]
[Black "Junk, Phillip"]
[Result "1/2-1/2"]
[WhiteElo "1945"]
[BlackElo "2055"]
[Annotator "Medger,Gernot"]
[PlyCount "90"]
[EventDate "2022.12.??"]
[EventType "tourn"]
[EventRounds "7"]
[EventCountry "GER"]

1. e4 e5 2. Nf3 Nf6 3. Nxe5 d6 4. Nf3 Nxe4 5. d4 d5 6. c4 Bb4+ 7. Bd2 Nxd2 8.
Nbxd2 Qe7+ 9. Be2 dxc4 10. O-O O-O 11. Bxc4 Bg4 12. h3 Bxf3 13. Nxf3 Nd7 14.
Qb3 Nb6 15. Rac1 Rad8 16. a3 Bd6 17. Rfe1 Qf6 18. Bd3 Rfe8 19. a4 Rxe1+ 20.
Rxe1 Rb8 21. Ne5 a5 22. Qb5 Bb4 23. Re3 Rf8 24. Rf3 Qd8 25. Ng4 Qd5 26. Qxd5
Nxd5 27. Bc4 Rd8 28. Rf5 Nf6 29. Nxf6+ gxf6 30. Rxf6 Rxd4 31. Bxf7+ Kg7 32. Rf5
Bd6 33. Bb3 Rd2 34. g3 Rxb2 35. Be6 b6 36. f4 Re2 37. Rf7+ Kh6 38. Bf5 Re7 39.
Rxe7 Bxe7 40. Bd7 Kg7 41. Kf2 Kf6 42. Kf3 Bb4 43. g4 h6 44. Kf2 Bd2 45. Kf3 Be1
1/2-1/2

[Event "Unna Open 2022"]
[Site "Unna"]
[Date "2022.12.28"]
[Round "3.6"]
[White "Weber, Rolf"]
[Black "Gutte, Friedhelm"]
[Result "0-1"]
[WhiteElo "1905"]
[BlackElo "2036"]
[Annotator "Medger,Gernot"]
[PlyCount "112"]
[EventDate "2022.12.??"]
[EventType "tourn"]
[EventRounds "7"]
[EventCountry "GER"]

1. e4 c5 2. c3 Nf6 3. e5 Nd5 4. d4 e6 5. Nf3 cxd4 6. cxd4 Nc6 7. a3 d6 8. b4
Bd7 9. Bb2 Rc8 10. Nbd2 a6 11. g3 Qc7 12. Bd3 Be7 13. Qe2 b5 14. O-O Nb6 15.
Rac1 d5 16. Nb3 Nc4 17. Rc3 O-O 18. Bc1 Ra8 19. Nh4 Be8 20. Qg4 Kh8 21. f4 Qa7
22. Nf3 a5 23. Qh3 g6 24. f5 exf5 25. Ng5 Bxg5 26. Bxg5 f6 27. exf6 Nxd4 28.
Nc5 Ne6 29. Qh4 Nxc5 30. bxc5 Qxc5+ 31. Rf2 Bc6 32. Bf1 Rae8 33. Bh6 Rf7 34.
Bg7+ Kg8 35. g4 Re3 36. Rcc2 d4 37. gxf5 Qd5 38. Bg2 Re1+ 39. Rf1 Rxf1+ 40.
Kxf1 Ne3+ 41. Kg1 Nxg2 42. Rxc6 Qxc6 43. Qg3 Rxg7 44. Qb8+ Kf7 45. fxg7 Kxg7
46. Qe5+ Kf7 47. fxg6+ Qxg6 48. Qd5+ Ke7 49. Qc5+ Ke6 50. Qc6+ Ke5 51. Qxb5+
Ke4 52. Qb7+ Ke3 53. Qe7+ Qe4 54. Qg5+ Nf4 55. Qg3+ Qf3 56. Qe1+ Ne2+ 0-1

[Event "Unna Open 2022"]
[Site "Unna"]
[Date "2022.12.28"]
[Round "3.7"]
[White "Georg, Felix"]
[Black "Hofer, Stefan"]
[Result "1-0"]
[WhiteElo "1986"]
[BlackElo "1770"]
[Annotator "Medger,Gernot"]
[PlyCount "59"]
[EventDate "2022.12.??"]
[EventType "tourn"]
[EventRounds "7"]
[EventCountry "GER"]

1. d4 Nf6 2. Nf3 g6 3. c4 Bg7 4. Nc3 d5 5. Qb3 dxc4 6. Qxc4 c6 7. e4 Nbd7 8. e5
Ng4 9. Ng5 Ngxe5 10. dxe5 Nxe5 11. Qf4 O-O 12. Nf3 Ng4 13. h3 Nh6 14. Be2 e5
15. Qh4 Nf5 16. Qxd8 Rxd8 17. Bg5 f6 18. Bc4+ Kf8 19. Bd2 Nd6 20. Bb3 Nf5 21.
O-O-O Nd4 22. Nxd4 exd4 23. Ne4 b6 24. Bb4+ c5 25. Nxc5 bxc5 26. Bxc5+ Ke8 27.
Rhe1+ Kd7 28. Ba4+ Kc7 29. Re7+ Bd7 30. Rxg7 1-0

[Event "Unna Open 2022"]
[Site "Unna"]
[Date "2022.12.28"]
[Round "3.8"]
[White "Hintze, Helge"]
[Black "Stöckmann, Helmut"]
[Result "1-0"]
[WhiteElo "2242"]
[BlackElo "1886"]
[Annotator "Medger,Gernot"]
[PlyCount "85"]
[EventDate "2022.12.??"]
[EventType "tourn"]
[EventRounds "7"]
[EventCountry "GER"]

1. c4 c5 2. g3 Nc6 3. Bg2 g6 4. Nc3 Bg7 5. Nf3 d6 6. O-O e5 7. a3 Nge7 8. d3 a6
9. Rb1 Rb8 10. Nd5 Nxd5 11. cxd5 Ne7 12. Nd2 O-O 13. b4 b5 14. Nb3 Bb7 15. e4
cxb4 16. axb4 Rc8 17. Na5 Ba8 18. Be3 Qd7 19. Qd2 f5 20. Bh3 Rce8 21. Rb2 Kh8
22. f3 Ng8 23. Rc2 Rc8 24. Rfc1 Ne7 25. Kg2 Rxc2 26. Rxc2 Rc8 27. Qc1 Rxc2+ 28.
Qxc2 h6 29. Bb6 Nc8 30. Qc7 Nxb6 31. Qxb6 Qc8 32. Nc6 Bb7 33. exf5 gxf5 34.
Bxf5 Qxf5 35. Qxb7 Qxd3 36. Qc8+ Kh7 37. Ne7 h5 38. Qg8+ Kh6 39. Qe6+ Kh7 40.
Qf7 Qe2+ 41. Kh3 Qf1+ 42. Kh4 Qc4+ 43. Kxh5 1-0

[Event "Unna Open 2022"]
[Site "Unna"]
[Date "2022.12.28"]
[Round "3.9"]
[White "Theile-Rasche, Ingo"]
[Black "Schmücker, Marcus"]
[Result "1/2-1/2"]
[WhiteElo "1871"]
[BlackElo "2208"]
[Annotator "Medger,Gernot"]
[PlyCount "86"]
[EventDate "2022.12.??"]
[EventType "tourn"]
[EventRounds "7"]
[EventCountry "GER"]

1. d4 Nf6 2. Bf4 e6 3. e3 c5 4. c3 Qb6 5. Qb3 Nc6 6. Qxb6 axb6 7. Nf3 d5 8.
Nbd2 c4 9. Be2 b5 10. O-O b4 11. cxb4 Bxb4 12. a3 Be7 13. Ne5 O-O 14. Nb1 Nxe5
15. Bxe5 b5 16. Nc3 Bd7 17. f3 Bc6 18. Rad1 Nd7 19. Bg3 b4 20. axb4 Bxb4 21.
Ra1 f5 22. h3 g5 23. f4 h6 24. Bh2 Nf6 25. g4 Bxc3 26. bxc3 Ne4 27. Rxa8 Rxa8
28. gxf5 exf5 29. fxg5 hxg5 30. Rxf5 Bd7 31. Rxd5 Bxh3 32. Kh1 Ra1+ 33. Bg1 Ra2
34. Rxg5+ Kf8 35. Rg8+ Ke7 36. Bxc4 Rd2 37. Bd5 Nxc3 38. Rg3 Bf5 39. Rg2 Rxg2
40. Bxg2 Be4 41. Bxe4 Nxe4 42. Kg2 Ke6 43. Kf3 Kd5 1/2-1/2

[Event "Unna Open 2022"]
[Site "Unna"]
[Date "2022.12.28"]
[Round "3.10"]
[White "Barskij, Aleksandr"]
[Black "Korten, Lando"]
[Result "0-1"]
[WhiteElo "1866"]
[BlackElo "2135"]
[Annotator "Medger,Gernot"]
[PlyCount "137"]
[EventDate "2022.12.??"]
[EventType "tourn"]
[EventRounds "7"]
[EventCountry "GER"]

1. e4 c5 2. Nc3 Nc6 3. Nge2 g6 4. g3 Bg7 5. Bg2 e6 6. d3 Nge7 7. Be3 Nd4 8. O-O
O-O 9. Qd2 Nec6 10. Nd1 b6 11. Nc1 d5 12. c3 Nb5 13. exd5 exd5 14. Bh6 Bb7 15.
Bxg7 Kxg7 16. Ne3 d4 17. Nd5 dxc3 18. bxc3 Re8 19. Ne2 Ne7 20. Nf6 Kxf6 21.
Bxb7 Rb8 22. Bg2 Qd6 23. Nf4 Rbd8 24. a4 Nc7 25. Rfd1 Ncd5 26. Nxd5+ Nxd5 27.
d4 c4 28. Re1 Nc7 29. Bf1 Qc6 30. Rxe8 Rxe8 31. Bg2 Nd5 32. Re1 Rxe1+ 33. Qxe1
Qe6 34. Qd2 Kg7 35. Bf1 Qc6 36. Bg2 Qd7 37. Qe1 Nf6 38. Qa1 Qf5 39. Qa2 Qd3 40.
Bf1 Qxc3 41. Bxc4 Qe1+ 42. Kg2 Qe4+ 43. Kg1 Qxd4 44. Bxf7 Ne4 45. Be8 Nd6 46.
Bc6 Qe5 47. Bd5 a6 48. Qb3 b5 49. axb5 axb5 50. Bc6 h6 51. h4 Qc5 52. Bf3 Nf5
53. Qe6 Qd6 54. Qb3 Nd4 55. Qc3 b4 56. Qd3 b3 57. Be4 b2 58. Bxg6 Qxg6 59.
Qxd4+ Qf6 60. Qd7+ Kf8 61. Qc8+ Ke7 62. Qb7+ Ke6 63. Qe4+ Qe5 64. Qg4+ Kd5 65.
Qf3+ Kc4 66. Qf7+ Kc3 67. Qf3+ Kc2 68. Qc6+ Qc3 69. Qg6+ 0-1

[Event "Unna Open 2022"]
[Site "Unna"]
[Date "2022.12.28"]
[Round "3.11"]
[White "Höllmann, Ludger"]
[Black "Kappelhoff, Pius"]
[Result "1-0"]
[WhiteElo "2039"]
[BlackElo "1654"]
[Annotator "Medger,Gernot"]
[PlyCount "87"]
[EventDate "2022.12.??"]
[EventType "tourn"]
[EventRounds "7"]
[EventCountry "GER"]

1. d4 d5 2. Nf3 Nf6 3. g3 c5 4. Bg2 Nc6 5. O-O Bg4 6. c3 e6 7. h3 Bh5 8. Bg5 h6
9. Bxf6 Qxf6 10. Qb3 Rb8 11. Nbd2 Bd6 12. e4 Bxf3 13. Bxf3 dxe4 14. Nxe4 Qe7
15. Nxd6+ Qxd6 16. dxc5 Qxc5 17. Rad1 O-O 18. Bg2 b5 19. Rd2 Rfd8 20. Rfd1 Rxd2
21. Rxd2 Rd8 22. Rxd8+ Nxd8 23. a4 a6 24. Bf1 bxa4 25. Qxa4 a5 26. Qe8+ Qf8 27.
Qb5 Qd6 28. Qxa5 Nc6 29. Qb6 Kh7 30. Kh2 Qd1 31. Bg2 Ne5 32. Qe3 Qh5 33. Qe4+
Ng6 34. b4 e5 35. Bf3 Qg5 36. h4 Qd2 37. h5 Qxf2+ 38. Bg2 f5 39. hxg6+ Kxg6 40.
Qxe5 h5 41. Qd4 Qe1 42. b5 Kh6 43. b6 g5 44. Qf6+ 1-0

[Event "Unna Open 2022"]
[Site "Unna"]
[Date "2022.12.28"]
[Round "3.12"]
[White "Schulte, Tobias"]
[Black "Tymura, Achim"]
[Result "0-1"]
[WhiteElo "1751"]
[BlackElo "1991"]
[Annotator "Medger,Gernot"]
[PlyCount "74"]
[EventDate "2022.12.??"]
[EventType "tourn"]
[EventRounds "7"]
[EventCountry "GER"]

1. d4 g6 2. c4 Bg7 3. Nc3 d6 4. e4 Nc6 5. Nf3 Bg4 6. Be3 e5 7. dxe5 Nxe5 8. Be2
Nxf3+ 9. Bxf3 Bxf3 10. Qxf3 Bxc3+ 11. bxc3 Qf6 12. Qxf6 Nxf6 13. Bd4 Ke7 14. c5
dxc5 15. Bxc5+ Ke6 16. f3 Rhd8 17. Ke2 Nd7 18. Bd4 c5 19. Be3 b6 20. f4 Nf6 21.
f5+ gxf5 22. exf5+ Kxf5 23. Rhf1+ Kg6 24. c4 Re8 25. Kf3 Nd7 26. Ke2 Ne5 27.
Rf4 Re6 28. Raf1 Rae8 29. h3 h5 30. Rf5 f6 31. Kd1 Nxc4 32. Bc1 Nd6 33. R5f3
Ne4 34. Bb2 Rd8+ 35. Kc1 Rdd6 36. a4 a6 37. Rf4 Ng3 0-1

[Event "Unna Open 2022"]
[Site "Unna"]
[Date "2022.12.28"]
[Round "3.13"]
[White "Schirmbeck, Markus"]
[Black "Nechitaylo, Nikita"]
[Result "0-1"]
[WhiteElo "1781"]
[BlackElo "1985"]
[Annotator "Medger,Gernot"]
[PlyCount "74"]
[EventDate "2022.12.??"]
[EventType "tourn"]
[EventRounds "7"]
[EventCountry "GER"]

1. Nf3 c5 2. e3 Nc6 3. d4 d5 4. c4 cxd4 5. Nxd4 e5 6. cxd5 Qxd5 7. Nc3 Bb4 8.
Nxc6 Qxc6 9. Qb3 Bxc3+ 10. Qxc3 Qxc3+ 11. bxc3 Nf6 12. Ba3 Be6 13. Rb1 O-O-O
14. Rb2 Rd7 15. Bb5 Rc7 16. O-O a6 17. Bd6 axb5 18. Bxc7 Kxc7 19. Rxb5 Nd7 20.
Rfb1 b6 21. a4 Ra8 22. R5b4 Ra6 23. f4 exf4 24. exf4 Nc5 25. Ra1 Bd7 26. Re1
Rxa4 27. Re7 Ra1+ 28. Kf2 Nd3+ 29. Kf3 Nxb4 30. cxb4 Ra3+ 31. Ke4 Rb3 32. Rxf7
Rxb4+ 33. Ke5 Rb5+ 34. Ke4 Rh5 35. Rxg7 Rxh2 36. g4 b5 37. f5 b4 0-1

[Event "Unna Open 2022"]
[Site "Unna"]
[Date "2022.12.28"]
[Round "3.14"]
[White "Wenning, Niels"]
[Black "Hart, Klaus"]
[Result "1/2-1/2"]
[WhiteElo "1922"]
[BlackElo "1784"]
[Annotator "Medger,Gernot"]
[PlyCount "65"]
[EventDate "2022.12.??"]
[EventType "tourn"]
[EventRounds "7"]
[EventCountry "GER"]

1. e4 e5 2. Nf3 Nf6 3. d4 Nxe4 4. Bd3 d5 5. Nxe5 Bd6 6. O-O O-O 7. c4 c6 8. Qc2
Nf6 9. Bg5 h6 10. Bh4 Be6 11. Nc3 dxc4 12. Nxc4 Be7 13. Rad1 Nd5 14. Bxe7 Qxe7
15. Nxd5 Bxd5 16. Ne3 Qd6 17. Rfe1 Be6 18. Bc4 Bxc4 19. Qxc4 Nd7 20. d5 Nb6 21.
Qb3 Rfe8 22. dxc6 Qxc6 23. Rc1 Qe4 24. Rc7 Re7 25. Rxe7 Qxe7 26. h3 Rd8 27. Rd1
Rc8 28. Qd3 Qb4 29. Qd4 Qb5 30. b3 Qa5 31. Qd2 Qc5 32. Qd4 Qa5 33. Qd2 1/2-1/2